01237nam a22002897a 450000100030000000300040000300500170000700800410002402000150006504000080008004100130008808200150010110000360011624000170015224500870016926000410025630000110029752004640030865000230077265000220079565000300081765000150084765000130086265500120087565500160088770000440090320OSt20250528074009.0250121b |||||||j |||| 00| 1 eng d a0532153073 bpor hengapor a823bA437p1 aAllingham, Margery,d1904-1966. aBlack Plumes aPlumas Negras /cAllingham, Margery ; Tradução de Monica Pecegueiro do Amaral aRio de JaneirobJosé Olympioc1986 a184 p. aEram 4h 15 min, quando o office boy entrou no escritório levando o chá que Lucar havia pedido. Já estava bem perto da mesa, mas, ao vê-lo, a bandeja escorregou-lhe das mãos... Lucar estava morto. Ainda tinha aquele ar presunçoso, mas havia uma ferida aberta no coração causado por uma lâmina entre as costelas. Amorte de Lucar foi exatamente igual à de Robert Madrigal: instantânea e silenciosa. E mais uma vez não havia sinal da arma. 0aLiteratura Inglesa 0aRomance Policial  0aCrime e Investigação  0aMistério 0aSuspense 0aRomance 0aFicção  aMônica Pecegueiro do AmaraleTradutor